Global property sustainability survey (Record no. 111795)

MARC details
000 -LEADER
fixed length control field 01589cad a22002295a 4500
001 - CONTROL NUMBER
control field L152011
008 - FIXED-LENGTH DATA ELEMENTS--GENERAL INFORMATION
fixed length control field 110121s2011 xxkd f s 000 0 eng d
035 ## - SYSTEM CONTROL NUMBER
System control number (Sirsi) u152011
041 0# - LANGUAGE CODE
Language code of text/sound track or separate title eng
050 04 - LIBRARY OF CONGRESS CALL NUMBER
Classification number 333.72 $2 18
110 2# - MAIN ENTRY--CORPORATE NAME
Corporate name or jurisdiction name as entry element Royal Institution of Chartered Surveyors
Subordinate unit Economics
9 (RLIN) 5033
245 00 - TITLE STATEMENT
Title Global property sustainability survey
Remainder of title Q3 2010
Medium [electronic resource]
260 ## - PUBLICATION, DISTRIBUTION, ETC.
Place of publication, distribution, etc. London
Name of publisher, distributor, etc. RICS
Date of publication, distribution, etc. 2011
490 #0 - SERIES STATEMENT
Series statement RICS/CPE Global Commercial Property Sustainability Survey
Volume/sequential designation Third Quarter 2010
520 ## - SUMMARY, ETC.
Summary, etc. The RICS Global Property Sustainability Survey Q3 2010 indicates that the implementation of sustainable real estate requirements continues to pick up globally. However, there are still some divergent trends between types of occupiers, property sectors and world regions. Emerging Asia leads the world in implementing 'green' real estate solutions. Professional firms are ranked above governments and construction firms in terms of implementing sustainable solutions over the last quarter. Emerging and developed Asia continue to lead other world regions in nearly all survey categories. Agents in North America believe government measures to counter debt burdens will hinder sustainable construction.
590 ## - LOCAL NOTE (RLIN)
Local note KA
650 24 - SUBJECT ADDED ENTRY--TOPICAL TERM
Topical term or geographic name entry element RICS/CPE GLOBAL COMMERCIAL PROPERTY SUSTAINABILITY SURVEY
651 #4 - SUBJECT ADDED ENTRY--GEOGRAPHIC NAME
Geographic name International
690 ## - LOCAL SUBJECT ADDED ENTRY--TOPICAL TERM (OCLC, RLIN)
Topical term or geographic name as entry element ENVIRONMENTAL AND LAND CONSULTANCY-SUSTAINABILITY
856 40 - ELECTRONIC LOCATION AND ACCESS
Uniform Resource Identifier <a href="https://one/NR/rdonlyres/A7448238-8989-40AB-A607-5989491F6403/0/RICSGlobalSustainabilitySurveyQ3.pdf">https://one/NR/rdonlyres/A7448238-8989-40AB-A607-5989491F6403/0/RICSGlobalSustainabilitySurveyQ3.pdf</a>
Public note View the report free of charge at www.rics.org
942 ## - ADDED ENTRY ELEMENTS (KOHA)
Suppress in OPAC 0
Holdings
Withdrawn status Lost status Source of classification or shelving scheme Damaged status Not for loan Home library Current library Shelving location Date acquired Total Checkouts Full call number Barcode Date last seen Copy number Price effective from Koha item type
    Dewey Decimal Classification     Virtual Virtual Books 21/01/2011   ONLINE PUBLICATION 152011-2001 06/08/2019 1 06/08/2019 Book